000 02024nam a2200421 a 4500
001 ebr10233588
003 CaPaEBR
006 m u
007 cr cn|||||||||
008 040527s2005 nyu sb 001 0 eng
010 _z 2004012519
020 _z9780195174915 (acid-free paper)
020 _z0195174917 (acid-free paper)
040 _aCaPaEBR
_cCaPaEBR
035 _a(OCoLC)62866099
043 _an-us---
050 1 4 _aPS310.V57
_bS67 2005eb
082 0 4 _a811.009/22
_222
100 1 _aSpiegelman, Willard.
245 1 0 _aHow poets see the world
_h[electronic resource] :
_bthe art of description in contemporary poetry /
_cWillard Spiegelman.
260 _aNew York :
_bOxford University Press,
_c2005.
300 _axi, 238 p.
504 _aIncludes bibliographical references (p. 201-217) and index.
505 0 _aThe way things look each day : how poets see the world -- Just looking : Charles Tomlinson and the "labour of observation" -- What to make of an augmented thing : Amy Clampitt's syntactic dramas -- Charles Wright and "the metaphysics of the quotidian" -- A space for boundless revery : varieties of ekphrastic experience -- John Ashbery's haunted landscapes -- Jorie Graham's "new way of looking".
533 _aElectronic reproduction.
_bPalo Alto, Calif. :
_cebrary,
_d2013.
_nAvailable via World Wide Web.
_nAccess may be limited to ebrary affiliated libraries.
650 0 _aAmerican poetry
_y20th century
_xHistory and criticism.
650 0 _aVision in literature.
650 0 _aDescription (Rhetoric)
_xHistory
_y20th century.
650 0 _aArt and literature
_zUnited States.
650 0 _aVisual perception in literature.
650 0 _aLandscapes in literature.
650 0 _aNature in literature.
650 0 _aArt in literature.
650 0 _aEkphrasis.
655 7 _aElectronic books.
_2local
710 2 _aebrary, Inc.
856 4 0 _uhttp://site.ebrary.com/lib/rucke/Doc?id=10233588
_zAn electronic book accessible through the World Wide Web; click to view
999 _c38141
_d38141